Statistics for 2021 NCAA Men's Basketball Tournament

Click here to take the quiz!

General Stats

  • This quiz has been taken 474 times
  • The average score is 10 of 16

Answers on the Map

Answers color-coded by a green-red scale on the quiz's map according to % correct below.
 

Answer Stats

Team% Correct
Gonzaga
95%
Baylor
94%
UCLA
88%
Michigan
76%
Houston
72%
Oregon
61%
Arkansas
58%
Villanova
56%
USC
54%
Alabama
52%
Oral Roberts
51%
Loyola–Chicago
50%
Oregon State
49%
Florida State
45%
Syracuse
40%
Creighton
32%

Score Distribution

Percentile by Number Answered

Percent of People with Each Score

Your Score History

You have not taken this quiz